000 00789nam a22002175i 4500
001 167932
003 ES-MaACL
005 20250804062647.0
008 040706s1868 fr |||| | fre d
040 _aCAM
_bspa
_cCAM
100 1 _aGoethe, Johann Wolfgang von,
_d1749-1832
_eaut
_957568
245 1 0 _aWilhelm Meister /
_cpar Goethe ; traduction compléte et nouvelle par Théophile Gautier fils.
260 _aParis :
_bCharpentier,
_c1868.
300 _a2 volúmenes (567 ; 615 páginas) ;
_c18 cm.
655 0 _aNovelas
_9234319
700 1 _aGautier, Théophile,
_d1836-1904
_etrl
_9241279
852 _aES-MaACL
_cSPP3
_hDonativo de Manuel de la Revilla
_jG-9238-39
_xHolandesa
942 _2udc
_cMONANT
_n0
999 _c167932
_d167932